[Event "Tradewise Gibraltar Chess Festival 2014 "]
[Site "The Caleta Hotel - Gibraltar"]
[Date "2014.02.01"]
[Round "5.56"]
[White "Gordon, Stephen J"]
[Black "Semprun Martinez, Fernando"]
[Result "1-0"]
[WhiteElo "2516"]
[BlackElo "2227"]
[PlyCount "87"]
[EventDate "2014.01.28"]

1. Nf3 c5 2. e4 Nc6 3. Bb5 d6 4. O-O Bd7 5. Re1 a6 6. Bf1 Nf6 7. c3 g6 8. h3
Bg7 9. d4 cxd4 10. cxd4 O-O 11. Nc3 Rc8 12. Bf4 Nh5 13. Be3 Na5 14. Qd2 Nc4 15.
Bxc4 Rxc4 16. Bh6 Re8 17. g4 Nf6 18. Bxg7 Kxg7 19. e5 Ng8 20. d5 Qc8 21. Re3 h5
22. b3 hxg4 23. bxc4 gxf3 24. Qd4 dxe5 25. Qxe5+ f6 26. Qd4 Bxh3 27. Rxf3 Bg4
28. Re3 Nh6 29. Rae1 Qd7 30. Na4 e5 31. Qb6 Qxa4 32. Qxb7+ Qd7 33. Rb1 Re7 34.
Qxd7 Rxd7 35. f3 Bf5 36. Rb6 Rc7 37. Rc3 Bc8 38. c5 Nf5 39. d6 Rf7 40. Kf2 g5
41. Rd3 Rd7 42. Rb8 Bb7 43. Rxb7 Rxb7 44. d7 1-0

[Event "Tradewise Gibraltar Chess Festival 2014 "]
[Site "The Caleta Hotel - Gibraltar"]
[Date "2014.02.01"]
[Round "5.57"]
[White "Larino Nieto, David"]
[Black "Sanchez Castillo, Sarai Caroli"]
[Result "0-1"]
[WhiteElo "2465"]
[BlackElo "2219"]
[PlyCount "76"]
[EventDate "2014.01.28"]

1. e4 e6 2. d4 d5 3. Nc3 Nf6 4. Bg5 dxe4 5. Nxe4 Be7 6. Bxf6 Bxf6 7. Nf3 Nd7 8.
c3 Be7 9. Bd3 c6 10. h4 h6 11. Qe2 Qc7 12. O-O-O a5 13. Rhe1 a4 14. Kb1 Qa5 15.
Ng3 a3 16. b4 Qc7 17. Nf5 Kf8 18. Nxe7 Kxe7 19. Ne5 Nxe5 20. dxe5 Rd8 21. Qg4
Kf8 22. Qe4 c5 23. Bc2 Bd7 24. Qh7 cxb4 25. Rd3 Ba4 26. Rg3 Bxc2+ 27. Kxc2 Qc4
28. Qxg7+ Ke8 29. Qh8+ Kd7 30. Qxh6 Qxa2+ 31. Kd3 Kc7+ 32. Ke4 Qd5+ 33. Kf4
Qd2+ 34. Ree3 a2 35. Qf6 Rd7 36. cxb4 a1=Q 37. h5 Qxf2+ 38. Rgf3 Qd4+ 0-1

[Event "Tradewise Gibraltar Chess Festival 2014 "]
[Site "The Caleta Hotel - Gibraltar"]
[Date "2014.02.01"]
[Round "5.58"]
[White "Fenollar Jorda, Manuel"]
[Black "Spence, David J"]
[Result "0-1"]
[WhiteElo "2419"]
[BlackElo "2216"]
[PlyCount "34"]
[EventDate "2014.01.28"]

1. d4 e6 2. c4 Nf6 3. Nc3 Bb4 4. e3 b6 5. Nge2 Ne4 6. Qb3 Bxc3+ 7. Nxc3 Bb7 8.
Nxe4 Bxe4 9. f3 Bb7 10. e4 f5 11. exf5 Qh4+ 12. Kd1 Qxd4+ 13. Qd3 Qxd3+ 14.
Bxd3 O-O 15. fxe6 Rxf3 16. Re1 Rxd3+ 17. Kc2 Rd4 0-1

[Event "Tradewise Gibraltar Chess Festival 2014 "]
[Site "The Caleta Hotel - Gibraltar"]
[Date "2014.02.01"]
[Round "5.59"]
[White "Stenzel, Thomas"]
[Black "Houska, Jovanka"]
[Result "1/2-1/2"]
[WhiteElo "2216"]
[BlackElo "2415"]
[PlyCount "65"]
[EventDate "2014.01.28"]

1. e4 c6 2. d4 d5 3. e5 Bf5 4. h4 h5 5. c4 e6 6. Nc3 Ne7 7. Bg5 dxc4 8. Bxc4
Nd7 9. Nge2 f6 10. exf6 gxf6 11. Bf4 Nb6 12. Bb3 Nbd5 13. Bg3 Qd7 14. O-O O-O-O
15. a4 Nxc3 16. bxc3 Nd5 17. Qc1 Bd6 18. Bxd5 cxd5 19. Qe3 Kb8 20. Rfe1 Rc8 21.
Bxd6+ Qxd6 22. Ng3 Bg4 23. a5 Rc6 24. Nf1 Qc7 25. Rec1 e5 26. Qd2 e4 27. Ne3
Be6 28. c4 dxc4 29. d5 Rd8 30. Qd4 f5 31. Qf6 Bxd5 32. Qxf5 Qf7 33. Qe5+
1/2-1/2

[Event "Tradewise Gibraltar Chess Festival 2014 "]
[Site "The Caleta Hotel - Gibraltar"]
[Date "2014.02.01"]
[Round "5.60"]
[White "Dolzhikova, Olga"]
[Black "Zude, Arno"]
[Result "0-1"]
[WhiteElo "2203"]
[BlackElo "2400"]
[PlyCount "54"]
[EventDate "2014.01.28"]

1. e4 e5 2. Nc3 Nf6 3. Bc4 Nxe4 4. Qh5 Nd6 5. Bb3 Be7 6. Nf3 O-O 7. Nxe5 Bf6 8.
d4 Nc6 9. Nxc6 dxc6 10. Be3 Bf5 11. O-O-O a5 12. a4 Qd7 13. h3 Rfe8 14. Qf3 Ne4
15. Ne2 Be6 16. c4 Nd6 17. d5 cxd5 18. cxd5 Bf5 19. Ng3 Be4 20. Nxe4 Rxe4 21.
Bd2 b5 22. Bc2 Rc4 23. Qd3 g6 24. b3 Rc5 25. b4 axb4 26. Bxb4 Rc4 27. Qa3 Rxa4
0-1

[Event "Tradewise Gibraltar Chess Festival 2014 "]
[Site "The Caleta Hotel - Gibraltar"]
[Date "2014.02.01"]
[Round "5.61"]
[White "Veltkamp, Gerben"]
[Black "Kuipers, Stefan"]
[Result "0-1"]
[WhiteElo "2202"]
[BlackElo "2399"]
[PlyCount "76"]
[EventDate "2014.01.28"]

1. e4 d6 2. d4 Nf6 3. Nc3 e5 4. h3 exd4 5. Qxd4 Nc6 6. Qe3 Be7 7. Bd2 d5 8.
Nxd5 Nxd5 9. exd5 Qxd5 10. Ne2 O-O 11. Nf4 Qd6 12. O-O-O Bg5 13. Qg3 Bh6 14.
Nd5 Bxd2+ 15. Rxd2 Ne5 16. Qc3 c5 17. g4 Rb8 18. Qg3 Kh8 19. Be2 Bd7 20. Rhd1
Bc6 21. Qc3 Ng6 22. Ne3 Qe5 23. Qxe5 Nxe5 24. Rd6 Rfe8 25. b3 f6 26. h4 Ng6 27.
g5 Nxh4 28. gxf6 gxf6 29. Bh5 Re5 30. Bf7 Kg7 31. Be6 h5 32. Nc4 Rg5 33. f4 Rg3
34. Bd5 Bb5 35. Be4 Re8 36. Rd7+ Bxd7 37. Rxd7+ Kf8 38. Bd5 Rg7 0-1

[Event "Tradewise Gibraltar Chess Festival 2014 "]
[Site "The Caleta Hotel - Gibraltar"]
[Date "2014.02.01"]
[Round "5.62"]
[White "Nezad, Husein Aziz"]
[Black "Tscharotschkin, Michael"]
[Result "0-1"]
[WhiteElo "2372"]
[BlackElo "2201"]
[PlyCount "84"]
[EventDate "2014.01.28"]

1. d4 d5 2. c4 c6 3. Nc3 e6 4. e4 dxe4 5. Nxe4 Bb4+ 6. Bd2 Qxd4 7. Bxb4 Qxe4+
8. Be2 Na6 9. Ba5 b6 10. Qd6 Ne7 11. O-O-O O-O 12. Qxe7 Qf4+ 13. Bd2 Qxf2 14.
Bc3 Qf4+ 15. Kb1 e5 16. Bxe5 Bf5+ 17. Ka1 Qe4 18. Bd6 Qc2 19. Qe3 Rfd8 20. Nf3
c5 21. a3 Re8 22. Ne5 Rad8 23. Bd3 Bxd3 24. Qxd3 Qxd3 25. Rxd3 Rxe5 26. Rhd1
Ree8 27. Bg3 Rxd3 28. Rxd3 Nb8 29. Bxb8 Rxb8 30. Rd7 a5 31. Ka2 f5 32. Kb3 f4
33. Ka4 Rf8 34. Rd2 g5 35. Rd5 h6 36. h4 g4 37. Rd6 Kf7 38. Rxh6 f3 39. gxf3
gxf3 40. Rh5 Kf6 41. Rh6+ Kg7 42. Rh5 f2 0-1

[Event "Tradewise Gibraltar Chess Festival 2014 "]
[Site "The Caleta Hotel - Gibraltar"]
[Date "2014.02.01"]
[Round "5.63"]
[White "Lampert, Jonas"]
[Black "Mihajlov, Sebastian"]
[Result "1-0"]
[WhiteElo "2358"]
[BlackElo "2185"]
[PlyCount "121"]
[EventDate "2014.01.28"]

1. d4 d5 2. c4 c6 3. Nf3 Nf6 4. e3 Bf5 5. Nc3 e6 6. Nh4 Bg6 7. Nxg6 hxg6 8. g3
Nbd7 9. Bd2 Bd6 10. c5 Bc7 11. Bg2 e5 12. O-O O-O 13. b4 exd4 14. exd4 Re8 15.
b5 Ba5 16. bxc6 bxc6 17. Qa4 Bxc3 18. Bxc3 Qc7 19. Bd2 Ne4 20. Bf4 Qc8 21. Rfe1
Ndf6 22. f3 Nc3 23. Qc2 Nb5 24. Qd2 Qa6 25. Rxe8+ Nxe8 26. a4 Nbc7 27. Bf1 Qc8
28. Re1 Qd8 29. Bh3 a5 30. Kf2 Na6 31. Qe2 Nb4 32. Kf1 Kf8 33. Bg4 Ra7 34. h4
Re7 35. Qxe7+ Qxe7 36. Rxe7 Kxe7 37. Bd2 f5 38. Bh3 Nc7 39. Ke2 Nca6 40. Bg5+
Ke6 41. Kd2 Nc7 42. Bf4 Ne8 43. Bb8 Kd7 44. h5 gxh5 45. Bxf5+ Ke7 46. Ba7 Nc7
47. Bb6 Ne6 48. Ke3 Kf6 49. Bb1 g5 50. Bxa5 Na6 51. Bd3 Nac7 52. Be1 Ke7 53. a5
Kd7 54. a6 Na8 55. Bf5 Ke7 56. f4 Kf6 57. Bxe6 Kxe6 58. fxg5 Kf5 59. g6 Kxg6
60. Kf4 Kf6 61. Ba5 1-0

[Event "Tradewise Gibraltar Chess Festival 2014 "]
[Site "The Caleta Hotel - Gibraltar"]
[Date "2014.02.01"]
[Round "5.64"]
[White "Lejlic, Samir"]
[Black "Urbina Perez, Juan Antonio"]
[Result "1-0"]
[WhiteElo "2345"]
[BlackElo "2183"]
[PlyCount "45"]
[EventDate "2014.01.28"]

1. d4 d5 2. Bg5 c6 3. Nf3 g6 4. e3 Bg7 5. c4 Nf6 6. Nc3 O-O 7. Qb3 e6 8. Rc1
Nbd7 9. Bd3 Qb6 10. Qc2 dxc4 11. Bxc4 Qb4 12. Bb3 Nd5 13. O-O Nxc3 14. bxc3 Qa5
15. e4 b6 16. e5 Re8 17. Nd2 c5 18. Nc4 Qa6 19. Nd6 Rf8 20. Bc4 Qa5 21. Bb5
Nxe5 22. dxe5 Bxe5 23. Bc6 1-0

[Event "Tradewise Gibraltar Chess Festival 2014 "]
[Site "The Caleta Hotel - Gibraltar"]
[Date "2014.02.01"]
[Round "5.65"]
[White "Bar, Aviv"]
[Black "Hoolt, Sarah"]
[Result "0-1"]
[WhiteElo "2148"]
[BlackElo "2331"]
[PlyCount "122"]
[EventDate "2014.01.28"]

1. e4 c5 2. Nf3 e6 3. d4 cxd4 4. Nxd4 a6 5. Nc3 Qc7 6. Be3 b5 7. a3 Bb7 8. Bd3
Nf6 9. O-O Bc5 10. Re1 O-O 11. Qe2 d6 12. Nb3 Nbd7 13. f4 Bxe3+ 14. Qxe3 Ng4
15. Qg3 Qb6+ 16. Kf1 f5 17. exf5 exf5 18. h3 Ngf6 19. Re7 g6 20. Rae1 Rae8 21.
Rxe8 Nxe8 22. a4 Nc7 23. axb5 axb5 24. Qf2 b4 25. Qxb6 Nxb6 26. Nb5 Nxb5 27.
Bxb5 Be4 28. Nd4 Rc8 29. Bd3 d5 30. b3 Rc3 31. Rd1 Nd7 32. g4 Nc5 33. Ke2 Bxd3+
34. cxd3 fxg4 35. hxg4 Nxb3 36. Nxb3 Rxb3 37. Ke3 Ra3 38. Rc1 Ra8 39. Rc5 Rb8
40. Kd2 b3 41. Kc1 Rb4 42. Rxd5 Rxf4 43. g5 Rf2 44. Rd8+ Kf7 45. Rd7+ Ke6 46.
Rxh7 Rc2+ 47. Kb1 Rd2 48. Rh4 Kf5 49. Rd4 Kxg5 50. Kc1 b2+ 51. Kb1 Kf5 52. Rd8
g5 53. d4 Ke4 54. Rg8 Kf5 55. Rd8 g4 56. d5 g3 57. Rf8+ Ke5 58. Re8+ Kd6 59.
Rd8+ Ke7 60. Rg8 g2 61. d6+ Kd7 0-1

[Event "Tradewise Gibraltar Chess Festival 2014 "]
[Site "The Caleta Hotel - Gibraltar"]
[Date "2014.02.01"]
[Round "5.66"]
[White "Welling, Gerard"]
[Black "Valenti, Giuseppe"]
[Result "1-0"]
[WhiteElo "2326"]
[BlackElo "2172"]
[PlyCount "61"]
[EventDate "2014.01.28"]

1. d4 Nf6 2. Nf3 e6 3. Nbd2 c5 4. e3 cxd4 5. exd4 Be7 6. Bd3 d6 7. O-O O-O 8.
Re1 Nbd7 9. Nf1 Re8 10. Ng3 Nf8 11. a4 Bd7 12. c3 Qc7 13. Bg5 Bc6 14. h3 Rac8
15. Nh2 Qd8 16. Bb5 Qd7 17. Qd3 a6 18. Bxc6 Qxc6 19. Bxf6 Bxf6 20. Ng4 Be7 21.
d5 Qxd5 22. Qxd5 exd5 23. Rad1 Rc5 24. Nf5 Ne6 25. Nge3 d4 26. Nxd4 Kf8 27.
Ndf5 Rc6 28. Nd5 Bd8 29. Nb4 Rc7 30. Nxd6 Ree7 31. Nd5 1-0

[Event "Tradewise Gibraltar Chess Festival 2014 "]
[Site "The Caleta Hotel - Gibraltar"]
[Date "2014.02.01"]
[Round "5.67"]
[White "Van Den Bersselaar, Jeroen"]
[Black "Buchal, Stephan"]
[Result "1-0"]
[WhiteElo "2146"]
[BlackElo "2324"]
[PlyCount "75"]
[EventDate "2014.01.28"]

1. d4 g6 2. e4 Bg7 3. Nc3 d6 4. Be3 a6 5. f4 b5 6. Bd3 Nd7 7. Nf3 Bb7 8. e5 Nh6
9. Qe2 Rc8 10. a4 b4 11. Ne4 c5 12. e6 fxe6 13. Neg5 Nf8 14. dxc5 Nf5 15. Bf2
Bxb2 16. Rd1 Bc3+ 17. Kf1 Qd7 18. Bc4 d5 19. Bxa6 Bxa6 20. Qxa6 Qc6 21. Qe2 h6
22. Ne5 Bxe5 23. Qxe5 Rg8 24. Nf3 Qxa4 25. g4 Ng7 26. Qe2 b3 27. cxb3 Qxb3 28.
Kg2 Nd7 29. Qa6 Qb8 30. c6 Nf6 31. Ne5 Ne4 32. Rb1 Qa8 33. Qxa8 Rxa8 34. c7 Rc8
35. Rb8 Nd6 36. Bc5 Ngf5 37. gxf5 gxf5+ 38. Kf3 1-0

[Event "Tradewise Gibraltar Chess Festival 2014 "]
[Site "The Caleta Hotel - Gibraltar"]
[Date "2014.02.01"]
[Round "5.68"]
[White "Baert, Andy"]
[Black "Quintin Navarro, Alberto"]
[Result "1/2-1/2"]
[WhiteElo "2104"]
[BlackElo "2320"]
[PlyCount "126"]
[EventDate "2014.01.28"]

1. d4 Nf6 2. c4 g6 3. Nc3 Bg7 4. e4 d6 5. h3 O-O 6. Bg5 Na6 7. Nf3 h6 8. Be3 e5
9. dxe5 dxe5 10. Qc1 Nb4 11. a3 Nd3+ 12. Bxd3 Qxd3 13. Nxe5 Qd6 14. Nf3 Qe6 15.
O-O Kh7 16. Nd5 Ne8 17. Bc5 Rh8 18. Re1 c6 19. Nf4 Qd7 20. Qc2 Qc7 21. Qd2 Be6
22. Nxe6 fxe6 23. e5 b6 24. Bd6 Qf7 25. Re4 Rd8 26. Rf4 Qb7 27. Rd1 c5 28. Qc2
Nxd6 29. exd6 Rhf8 30. Rxf8 Bxf8 31. h4 Qf7 32. h5 Qf5 33. Qxf5 gxf5 34. d7 Bg7
35. b3 Kg8 36. Kf1 Kf7 37. Ke2 Ke7 38. Ke3 Rxd7 39. Rxd7+ Kxd7 40. Kf4 Kd6 41.
a4 Bb2 42. g4 Bc1+ 43. Kg3 fxg4 44. Kxg4 a6 45. Ne1 Bb2 46. Nd3 Bd4 47. Kf4 Ke7
48. Ke4 a5 49. f4 Kf6 50. Ne1 e5 51. Nf3 exf4 52. Nxd4 cxd4 53. Kxf4 d3 54. Ke3
Ke6 55. Kxd3 Kd7 56. Kc3 Kc7 57. b4 axb4+ 58. Kb3 Kd6 59. Kxb4 Kc6 60. Kb3 Kd6
61. Kc2 Kc5 62. Kc3 Kd6 63. Kb4 Kc6 1/2-1/2

[Event "Tradewise Gibraltar Chess Festival 2014 "]
[Site "The Caleta Hotel - Gibraltar"]
[Date "2014.02.01"]
[Round "5.69"]
[White "Fuchs, Judith"]
[Black "Kvisla, Johannes Luangtep"]
[Result "1/2-1/2"]
[WhiteElo "2315"]
[BlackElo "2154"]
[PlyCount "160"]
[EventDate "2014.01.28"]

1. e4 e6 2. d4 d5 3. Nc3 Bb4 4. exd5 exd5 5. Bd3 Nc6 6. a3 Bxc3+ 7. bxc3 Nge7
8. Qh5 Be6 9. Rb1 b6 10. Nf3 Qd7 11. Ng5 O-O-O 12. Nxe6 Qxe6+ 13. Be3 g6 14.
Qf3 Nf5 15. O-O Nd6 16. Rfe1 Rhe8 17. Bd2 Ne4 18. Qd1 Qd6 19. a4 Na5 20. Ba6+
Kd7 21. f3 Nxd2 22. Qxd2 f5 23. Qd3 Re7 24. c4 dxc4 25. Bxc4 Nxc4 26. Qxc4
Rxe1+ 27. Rxe1 Kc8 28. c3 a5 29. Re5 Kb7 30. Qb3 Kc8 31. Qb5 Kb7 32. Qb3 Kc8
33. f4 Rd7 34. Qb5 Kb7 35. Qb3 Kc8 36. Kf2 Rd8 37. h3 Qf6 38. Kg3 Qc6 39. Re7
Qd5 40. Qa3 g5 41. fxg5 f4+ 42. Kh2 Qxg5 43. Rf7 Qg3+ 44. Kh1 Rxd4 45. Rf8+ Kb7
46. Rb8+ Kxb8 47. Qf8+ Kb7 48. cxd4 f3 49. gxf3 Qe1+ 50. Kg2 Qd2+ 51. Kg3 Qxd4
52. Qe8 Qg1+ 53. Kh4 Qf2+ 54. Kg4 Qg2+ 55. Kf4 Qxh3 56. Qe4+ Ka7 57. Qc6 Qh4+
58. Kf5 Qh5+ 59. Kf4 Qf7+ 60. Ke3 h5 61. Qe4 Qf6 62. f4 Qc3+ 63. Kf2 h4 64. Kg2
Qg3+ 65. Kh1 Qh3+ 66. Kg1 Qg4+ 67. Kh1 h3 68. Kh2 Kb8 69. Qe8+ Kb7 70. Qe4+ c6
71. Qe7+ Kc8 72. Qe8+ Kc7 73. Qe7+ Qd7 74. Qe5+ Kb7 75. Qe4 Qg4 76. Qe7+ Kc8
77. Qe8+ Kc7 78. Qe7+ Qd7 79. Qe5+ Kd8 80. Qb8+ Ke7 1/2-1/2

[Event "Tradewise Gibraltar Chess Festival 2014 "]
[Site "The Caleta Hotel - Gibraltar"]
[Date "2014.02.01"]
[Round "5.70"]
[White "Samu, Sorin-Mihai"]
[Black "Salomon, Johan"]
[Result "0-1"]
[WhiteElo "2131"]
[BlackElo "2308"]
[PlyCount "80"]
[EventDate "2014.01.28"]

1. c4 Nf6 2. Nc3 e5 3. g3 Bb4 4. Nf3 Nc6 5. Bg2 O-O 6. O-O e4 7. Ng5 Bxc3 8.
dxc3 Re8 9. Qc2 Qe7 10. Nh3 d6 11. Nf4 Qe5 12. Rd1 Bf5 13. Be3 Ng4 14. Rd5 Nxe3
15. fxe3 Qf6 16. Rf1 Ne5 17. b3 c6 18. Rd4 Qh6 19. h3 Rad8 20. g4 Bxg4 21. hxg4
Nxg4 22. Nh3 Nxe3 23. Qd2 c5 24. Rd5 Re6 25. Nf4 Nxf1 26. Bxf1 e3 27. Nxe6 exd2
28. Nxd8 Qe3+ 29. Kg2 Qe4+ 30. Kf2 Qxd5 31. cxd5 d1=Q 32. Bg2 Qc2 33. Nxb7 Qxc3
34. Bf3 Qf6 35. Na5 g5 36. Kg2 Qf4 37. e3 Qxe3 38. Nc6 Qd2+ 39. Kh3 Qxa2 40.
Ne7+ Kf8 0-1

[Event "Tradewise Gibraltar Chess Festival 2014 "]
[Site "The Caleta Hotel - Gibraltar"]
[Date "2014.02.01"]
[Round "5.71"]
[White "Freuler, Roman"]
[Black "Aharon, Ofir"]
[Result "0-1"]
[WhiteElo "2048"]
[BlackElo "2304"]
[PlyCount "86"]
[EventDate "2014.01.28"]

1. e4 d6 2. d4 Nf6 3. Nc3 Nbd7 4. g4 h6 5. h3 e5 6. Nge2 c6 7. Bg2 b5 8. a3 Bb7
9. Be3 g6 10. Qd2 Qc7 11. O-O Nb6 12. b3 h5 13. g5 Nfd7 14. f4 Be7 15. a4 exf4
16. Bxf4 a6 17. e5 dxe5 18. dxe5 O-O-O 19. a5 Nxe5 20. Qe1 Bc5+ 21. Kh1 Nd5 22.
Nxd5 cxd5 23. Rd1 Rhe8 24. Qg3 h4 25. Qxh4 Qxa5 26. Bxe5 Rxe5 27. Rxf7 Rde8 28.
Qg4+ Kb8 29. b4 Qxb4 30. Qd7 R5e7 31. Rxe7 Rxe7 32. Qd8+ Ka7 33. Bxd5 Rxe2 34.
Bxb7 Re1+ 35. Kg2 Rxd1 36. Qa8+ Kb6 37. Qxa6+ Kc7 38. Qc6+ Kd8 39. Qc8+ Ke7 40.
Qc7+ Kf8 41. Qc8+ Kg7 42. Qc7+ Be7 43. Qe5+ Kh7 0-1

[Event "Tradewise Gibraltar Chess Festival 2014 "]
[Site "The Caleta Hotel - Gibraltar"]
[Date "2014.02.01"]
[Round "5.72"]
[White "De Haan, Eric"]
[Black "Byron, Alan M"]
[Result "1-0"]
[WhiteElo "2303"]
[BlackElo "2147"]
[PlyCount "81"]
[EventDate "2014.01.28"]

1. d4 Nf6 2. c4 g6 3. Nc3 Bg7 4. e4 d6 5. f3 O-O 6. Be3 c6 7. Nge2 a6 8. c5 b5
9. cxb6 Nbd7 10. Qd2 Nxb6 11. Nc1 Nfd7 12. Nb3 a5 13. a4 e5 14. d5 cxd5 15.
Nxd5 Nxd5 16. Qxd5 Rb8 17. Bb5 Nf6 18. Qd2 d5 19. Nxa5 Bd7 20. Bxd7 Qxd7 21.
O-O d4 22. Bg5 h6 23. Bh4 g5 24. Bg3 Nh5 25. b4 Nxg3 26. hxg3 Rfc8 27. b5 Bf8
28. Nc6 Rxc6 29. bxc6 Qxc6 30. Rfc1 Qg6 31. Rab1 Ra8 32. a5 g4 33. Rb6 Qg7 34.
Kf2 Be7 35. Rcb1 Kh7 36. Rh1 f6 37. Rb7 Re8 38. a6 d3 39. Rc1 Kg6 40. Qxd3 Qf8
41. Qd7 1-0

[Event "Tradewise Gibraltar Chess Festival 2014 "]
[Site "The Caleta Hotel - Gibraltar"]
[Date "2014.02.01"]
[Round "5.73"]
[White "Stewart, Ashley"]
[Black "Kobo, Ori"]
[Result "1/2-1/2"]
[WhiteElo "2038"]
[BlackElo "2298"]
[PlyCount "88"]
[EventDate "2014.01.28"]

1. c4 g6 2. Nc3 c5 3. g3 Bg7 4. Bg2 Nc6 5. Nf3 d6 6. O-O e6 7. d3 Nge7 8. Bg5
h6 9. Bd2 O-O 10. Rb1 b6 11. Qc1 Kh7 12. a3 Bb7 13. b4 Qd7 14. b5 Nd4 15. Nxd4
cxd4 16. Na2 Bxg2 17. Kxg2 Rac8 18. Qb2 e5 19. Nb4 f5 20. f4 e4 21. Qb3 Rfe8
22. a4 Ng8 23. Nd5 Nf6 24. Nxf6+ Bxf6 25. Ra1 h5 26. h4 exd3 27. exd3 Qb7+ 28.
Kg1 Re2 29. Rf2 Re3 30. Kh2 Rce8 31. Raf1 Re2 32. Kg1 R2e7 33. Qa2 Qd7 34. Qb3
Rc8 35. Kh2 Re6 36. Qa2 Qe7 37. Qb3 Re8 38. Kg1 Rd8 39. Kh2 Re2 40. Qd1 Re8 41.
Kg1 Rxf2 42. Kxf2 Qd7 43. Qf3 Rc8 44. Re1 d5 1/2-1/2

[Event "Tradewise Gibraltar Chess Festival 2014 "]
[Site "The Caleta Hotel - Gibraltar"]
[Date "2014.02.01"]
[Round "5.74"]
[White "Sos Andreu, Eric"]
[Black "Duff, Rufus"]
[Result "1-0"]
[WhiteElo "2285"]
[BlackElo "2113"]
[PlyCount "63"]
[EventDate "2014.01.28"]

1. d4 d5 2. c4 e6 3. Nf3 Nf6 4. g3 c6 5. Qc2 Nbd7 6. Bg2 Bd6 7. O-O O-O 8. b3
Qe7 9. Bb2 e5 10. cxd5 e4 11. Nh4 Nb6 12. dxc6 g5 13. cxb7 Qxb7 14. d5 Qe7 15.
Qd2 h6 16. Qd4 Kg7 17. Nd2 gxh4 18. Nxe4 Nbd7 19. Nxd6 Qxd6 20. e4 Re8 21. f4
Qc5 22. e5 Qxd4+ 23. Bxd4 Ng8 24. d6 Ba6 25. Bxa8 Rxa8 26. Rfc1 hxg3 27. hxg3
Nb6 28. Rc7 Kf8 29. f5 Bc8 30. Rf1 Ke8 31. e6 fxe6 32. fxe6 1-0

[Event "Tradewise Gibraltar Chess Festival 2014 "]
[Site "The Caleta Hotel - Gibraltar"]
[Date "2014.02.01"]
[Round "5.75"]
[White "Reuben, Stewart"]
[Black "Lobersli, Henrik Oie"]
[Result "1-0"]
[WhiteElo "2066"]
[BlackElo "1862"]
[PlyCount "63"]
[EventDate "2014.01.28"]

1. d4 Nf6 2. c4 e6 3. Nc3 Bb4 4. Bg5 b6 5. f3 Bxc3+ 6. bxc3 d6 7. e4 Nbd7 8.
Bd3 e5 9. Ne2 O-O 10. O-O h6 11. Be3 Qe7 12. Ng3 Nb8 13. h3 g5 14. Qd2 Nh7 15.
Nf5 Bxf5 16. exf5 Nd7 17. h4 f6 18. Be4 Rad8 19. Bd5+ Kg7 20. Kf2 Nb8 21. Rh1
Rh8 22. Rh2 Nf8 23. Rah1 Nfd7 24. g3 c6 25. Be6 d5 26. cxd5 cxd5 27. Bxd5 Qd6
28. Be6 exd4 29. cxd4 Nc6 30. hxg5 hxg5 31. d5 Nce5 32. Bxg5 1-0

[Event "Tradewise Gibraltar Chess Festival 2014 "]
[Site "The Caleta Hotel - Gibraltar"]
[Date "2014.02.01"]
[Round "5.76"]
[White "Lederman, Leon"]
[Black "Kenney, Jason"]
[Result "0-1"]
[WhiteElo "2257"]
[BlackElo "2112"]
[PlyCount "66"]
[EventDate "2014.01.28"]

1. e4 c6 2. d4 d5 3. Nc3 dxe4 4. Nxe4 Bf5 5. Ng3 Bg6 6. h4 h6 7. Nf3 Nd7 8. h5
Bh7 9. Bd3 Bxd3 10. Qxd3 e6 11. Bd2 Ngf6 12. O-O-O Be7 13. Qe2 O-O 14. Kb1 c5
15. c4 cxd4 16. Nxd4 Rc8 17. Bc3 Qc7 18. b3 a6 19. Bb2 Nc5 20. Nf3 b5 21. cxb5
axb5 22. Qxb5 Ra8 23. Rd2 Rfb8 24. Qc4 Qa5 25. Bd4 Nxb3 26. axb3 Qa3 27. Rc1
Rxb3+ 28. Bb2 Nd5 29. Kc2 Rxb2+ 30. Kd1 Bb4 31. Rxb2 Qxb2 32. Ne4 Rd8 33. Ned2
Bxd2 0-1

[Event "Tradewise Gibraltar Chess Festival 2014 "]
[Site "The Caleta Hotel - Gibraltar"]
[Date "2014.02.01"]
[Round "5.77"]
[White "Agbabishvili, Lali"]
[Black "Hommerson, Paul"]
[Result "0-1"]
[WhiteElo "1941"]
[BlackElo "2255"]
[PlyCount "114"]
[EventDate "2014.01.28"]

1. Nf3 d5 2. c4 dxc4 3. Qa4+ Nd7 4. g3 Ngf6 5. Bg2 e6 6. Qxc4 Be7 7. O-O a6 8.
Qc2 O-O 9. d4 Ra7 10. Nc3 b6 11. e4 Bb7 12. Bf4 c5 13. e5 Nd5 14. Nxd5 Bxd5 15.
dxc5 Nxc5 16. Rfd1 Rd7 17. Ne1 a5 18. Be3 Qa8 19. Bxd5 Rxd5 20. Rxd5 Qxd5 21.
Bxc5 Bxc5 22. Qe2 Rd8 23. Nf3 h6 24. h4 Kf8 25. b3 Qd3 26. Qxd3 Rxd3 27. Kg2 a4
28. Rb1 Rc3 29. b4 Be7 30. Ne1 Rc4 31. a3 Rc3 32. Ra1 Bd8 33. Ra2 Rc1 34. Nc2
Bc7 35. f4 Rd1 36. Ne3 Rd3 37. Kf3 b5 38. Ke4 Rb3 39. g4 Bb6 40. Nc2 Rh3 41.
Nd4 Rxh4 42. Nxb5 Rxg4 43. Kf3 Rh4 44. Kg3 g5 45. fxg5 hxg5 46. Re2 Rc4 47. Kg2
Kg7 48. Kf3 Kg6 49. Kg2 Bc7 50. Re3 Bb8 51. Nc3 Bxe5 52. Nxa4 Bd4 53. Re2 e5
54. Nb2 Rc3 55. b5 Rb3 56. Nc4 Rxb5 57. a4 Rb4 0-1

[Event "Tradewise Gibraltar Chess Festival 2014 "]
[Site "The Caleta Hotel - Gibraltar"]
[Date "2014.02.01"]
[Round "5.78"]
[White "Lombaers, Peter"]
[Black "Compton, Alistair"]
[Result "1-0"]
[WhiteElo "2255"]
[BlackElo "2105"]
[PlyCount "89"]
[EventDate "2014.01.28"]

1. c4 e6 2. g3 d5 3. Bg2 c5 4. Nf3 Nc6 5. O-O Nf6 6. b3 Be7 7. Bb2 O-O 8. e3 d4
9. exd4 cxd4 10. Re1 Bc5 11. d3 Nd7 12. Ba3 Bxa3 13. Nxa3 a6 14. Nc2 e5 15. b4
f6 16. Nh4 Nb6 17. f4 g5 18. fxg5 fxg5 19. Nf3 Bg4 20. h3 Bxf3 21. Bxf3 Qf6 22.
Rf1 Kh8 23. Qe2 Qg7 24. a4 Rab8 25. c5 Nd7 26. Rac1 Ne7 27. Na3 Nf5 28. Bg4 Ne3
29. Rxf8+ Rxf8 30. Nc4 Nxg4 31. hxg4 Qf6 32. Rf1 Qxf1+ 33. Qxf1 Rxf1+ 34. Kxf1
Kg7 35. Nd6 a5 36. bxa5 Nxc5 37. Nxb7 Nxa4 38. a6 Nb6 39. Ke2 Kg6 40. Kf3 h5
41. gxh5+ Kxh5 42. g4+ Kg6 43. a7 Kf6 44. Ke4 Ke6 45. Nd8+ 1-0

[Event "Tradewise Gibraltar Chess Festival 2014 "]
[Site "The Caleta Hotel - Gibraltar"]
[Date "2014.02.01"]
[Round "5.79"]
[White "Gajic, Mladen"]
[Black "Pabalan, Rocky"]
[Result "1-0"]
[WhiteElo "2246"]
[BlackElo "2103"]
[PlyCount "75"]
[EventDate "2014.01.28"]

1. b3 b6 2. Bb2 Bb7 3. e3 Nf6 4. c4 g6 5. Bxf6 exf6 6. Nc3 f5 7. Nge2 Bg7 8. d4
O-O 9. Rc1 Re8 10. d5 c6 11. g3 cxd5 12. Bg2 Na6 13. O-O Rc8 14. Nb5 Qe7 15.
Nxa7 Ra8 16. Nb5 Bc6 17. Bxd5 Nb4 18. Nc7 Nxa2 19. Rb1 f4 20. Nxe8 Rxe8 21. Qd2
fxg3 22. Qxa2 gxh2+ 23. Kxh2 Qh4+ 24. Kg2 Re5 25. Ng3 Rg5 26. Bxc6 Be5 27. Rh1
Rxg3+ 28. fxg3 Qxg3+ 29. Kf1 dxc6 30. Qe2 h5 31. Rd1 Kg7 32. Rd3 Qg5 33. Qf3 h4
34. Rd7 Bf6 35. Ke2 Qe5 36. Rf1 Qb2+ 37. Rd2 Qe5 38. Qxf6+ 1-0

[Event "Tradewise Gibraltar Chess Festival 2014 "]
[Site "The Caleta Hotel - Gibraltar"]
[Date "2014.02.01"]
[Round "5.80"]
[White "Nordstrom, Hakon N"]
[Black "Docx, Stefan"]
[Result "0-1"]
[WhiteElo "1835"]
[BlackElo "2458"]
[PlyCount "42"]
[EventDate "2014.01.28"]

1. e4 c5 2. Nf3 d6 3. d4 cxd4 4. Nxd4 Nf6 5. Nc3 a6 6. Bg5 e6 7. f4 Qb6 8. Bxf6
gxf6 9. f5 Qxb2 10. Na4 Qa3 11. c3 b5 12. Nb6 Qxc3+ 13. Kf2 Bh6 14. Qd3 Qxa1
15. Nxa8 O-O 16. h4 Nd7 17. Qg3+ Kh8 18. Qxd6 Qc1 19. Rh3 Nc5 20. Bd3 Qd2+ 21.
Ne2 Nxe4+ 0-1